Najwyższe przegrane państw CONCACAF - Statystyki

Ogólne statystyki
  • Ten quiz został rozwiązany 37 razy
  • Średni wynik to 22 z 41
Statystyki odpowiedzi
Przegrany Wynik Wygrany % Poprawnych
Bermudy 0:6 Dania | Meksyk | Kanada
92%
Kostaryka 0:7 Hiszpania | Meksyk
92%
Belize 0:7 Kostaryka | Meksyk
92%
Bahamy 0:13 Meksyk
92%
Dominika 0:10 Meksyk
92%
Kanada 0:8 Meksyk
92%
Martynika 0:9 Meksyk
92%
Saint Kitts i Nevis 0:8 Meksyk
92%
Saint Vincent i Grenadyny 0:11 Meksyk
92%
Surinam 1:8 Meksyk
92%
Trynidad i Tobago 0:7 Meksyk
92%
Barbados 0:8 Stany Zjednoczone
85%
Kajmany 2:13 Kanada
81%
Haiti 1:9 Brazylia
69%
Nikaragua 0:14 Brazylia
69%
Meksyk 0:8 Anglia
62%
Gwatemala 1:9 Kostaryka
58%
Jamajka 0:9 Kostaryka
58%
Panama 0:11 Kostaryka
58%
Turks i Caicos 0:11 Kuba
54%
Gujana Francuska 0:5 Jamajka
46%
Saint-Martin 0:12 Jamajka
46%
Gujana 0:6 Jamajka | Grenada
46%
Anguilla 0:15 Trynidad i Tobago
42%
Antigua i Barbuda 1:11 Trynidad i Tobago
42%
Aruba 0:11 Trynidad i Tobago
42%
Dominikana 0:9 Trynidad i Tobago
42%
Kuba 0:8 Szwecja | ZSRR
38%
Brytyjskie Wyspy Dziewicze 0:17 Dominikana
35%
Honduras 1:10 Gwatemala
35%
Sint-Maarten 0:13 Haiti
35%
Curaçao 1:8 Holandia
35%
Stany Zjednoczone Ameryki 0:11 Norwegia
19%
Montserrat 2:14 Bermudy
15%
Salwador 1:10 Węgry
15%
Portoryko 0:15 Antyle Holenderskie
12%
Bonaire 0:10 Curaçao
12%
Grenada 0:10 Curaçao
12%
Gwadelupa 2:8 Martynika
8%
Wyspy Dziewicze Stanów Zjednoczonych 1:14 Saint Lucia
8%
Saint Lucia 0:8 Saint Vincent i Grenadyny
8%
Nie znaleziono quizów pasujących do podanych kryteriów
Rozkład punktacji
Procent ludzi z każdym wynikiem
Percentyl według liczby udzielonych odpowiedzi
Twoja historia wyników
Nie rozwiązałeś tego quizu